| 000 | 00658nam a22001937a 4500 | ||
|---|---|---|---|
| 999 |
_c57609 _d57609 |
||
| 005 | 20200813142019.0 | ||
| 008 | 200813s2012 enk||||| |||| 00| 0 eng d | ||
| 020 | _a9781906348892 | ||
| 041 | _aeng | ||
| 080 | _a368 A-44 | ||
| 245 |
_aAlternative (Re)insurance Strategies / _cEdited Morton Lane. |
||
| 250 | _aSecond Edition | ||
| 264 |
_aLondon : _bRisk book, _c2012. |
||
| 300 |
_a571 p. _bill. _c24 cm. |
||
| 653 | _a ალტერნატიული (რე) დაზღვევის სტრატეგიები | ||
| 653 | _aდაზღვევა | ||
| 700 |
_aLane, Morton _eრედაქტორი _99220 |
||
| 942 |
_2udc _cBK |
||